Loading...
| Philosophy | 0 | 2 | 0 | 2 | 20 | 126 | 126.00 | 0 | 0 | 0.00 | 9.38 |
| Geography/Current Events | 0 | 2 | 0 | 0 | 20 | 48 | 48.00 | 2 | 2 | 17.69 | 28.57 |
| Mythology | 0 | 2 | 0 | 0 | 20 | 119 | 119.00 | 0 | 0 | 0.14 | 10.42 |
| Fine Arts - Classical Music | 0 | 2 | 0 | 0 | 20 | 99 | 116.50 | 0 | 0 | 1.52 | 4.75 |
| Other Academic | 0 | 1 | 0 | 0 | 10 | 93 | 93.00 | 0 | 1 | 13.95 | 43.75 |
| Social Science | 0 | 1 | 0 | 0 | 10 | 86 | 86.00 | 0 | 1 | 2.31 | 4.17 |
| History - American | 0 | 1 | 0 | 0 | 10 | 63 | 63.00 | 0 | 0 | 4.03 | 5.21 |
| Literature - American | 0 | 1 | 0 | 0 | 10 | 50 | 50.00 | 1 | 1 | 5.31 | 8.33 |
| Literature - World/Other | 0 | 1 | 0 | 0 | 10 | 71 | 71.00 | 0 | 1 | 4.20 | 7.29 |
| Science - Other | 0 | 1 | 0 | 0 | 10 | 97 | 97.00 | 0 | 1 | 2.12 | 6.25 |
| Fine Arts - Other | 0 | 0 | 0 | 0 | 0 | 0.00 | 0 | 0 | 0.00 | 0.00 | |
| Fine Arts - Visual | 0 | 0 | 1 | 0 | -5 | 0.00 | 0 | 0 | 0.00 | 0.00 |